000 01396nam a2200445 i 4500
001 34244
003 KOSZ 005
005 20240904062938.0
008 980918s1998 pl a f f |000 0 pol
015 _aPB 1998/11801
020 _a830112606X
035 _a(OCoLC)749275033
040 _aWA N
_cWA N
_dKOSZ 005/HR
041 0 _apol
046 _k1998
080 _a624.04
080 _a519.6
080 _a(075.8)
100 1 _aSzymczak, Czesław
_d(1939- )
_eAutor
245 1 0 _aElementy teorii projektowania /
_cCzesław Szymczak.
260 _aWarszawa :
_bWydawnictwo Naukowe PWN,
_c1998.
300 _a205, [1] s. :
_brys., wykr. ;
_c24 cm.
336 _2rdacontent
_aTekst
_btxt
337 _2rdamedia
_aBez urządzenia pośredniczącego
_bn
338 _2rdacarrier
_aWolumin
_bnc
380 _aKsiążki
380 _aPublikacje dydaktyczne
385 _mPoziom nauczania
_aSzkoły wyższe
388 _a1901-2000
388 _a1989-2000
504 _aBibliogr. przy rozdz.
658 _aArchitektura i budownictwo
655 4 _aPodręczniki akademickie
650 4 _aProjektowanie
650 4 _aOptymalizacja
655 4 _aProjekt budowlany
710 2 _aWydawnictwo Naukowe PWN
_4pbl.
856 _uhttp://koha.tu.koszalin.pl/cgi-bin/koha/opac-detail.pl?biblionumber=34244
_yKatalog online BPK
942 _2UKD
_cKS
999 _c34244
_d34244